[Event "4NCL Online Division 5"]
[Site "online"]
[Date "2021.02.09"]
[EventDate "2021.02.09"]
[Round "2.83"]
[White "Fraser, Chris"]
[WhiteElo "1629"]
[WhiteTeam "Ashfield Anonymous D"]
[Black "Figueroa, Edison"]
[BlackElo "1819"]
[BlackTeam "Hackney Hackers"]
[Result "0-1"]
[PlyCount "152"]

1. e4 c5 2. Nc3 e6 3. f4 Nc6 4. Bb5 Qc7 5. d3 a6 6. Bxc6 Qxc6 7. Nf3 d6 8. O-O b5 9. Qe2 Be7 10. Nd1 Nf6 11. Ne3 O-O 12. e5 Nd5 13. Nxd5 Qxd5 14. Bd2 Bb7 15. b3 b4 16. a4 a5 17. Rae1 Qc6 18. Kh1 d5 19. Qf2 d4 20. Qg3 Qe8 21. f5 exf5 22. Bh6 g6 23. Bxf8 Bxf8 24. Qh3 Ra6 25. Ng5 h6 26. Nf3 Re6 27. Qg3 Bg7 28. Re2 f6 29. Rfe1 Bxf3 30. Qxf3 fxe5 31. Qb7 Qd8 32. Qb5 Qb6 33. Qd7 Qd6 34. Qc8+ Kh7 35. Qb7 Qc6 36. Qa7 Qb6 37. Qf7 Qd6 38. Qa7 Qb6 39. Qa8 Rc6 40. Qe8 Re6 41. Qd7 Rd6 42. Qe7 Re6 43. Qh4 Bf6 44. Qf2 Qc6 45. Kg1 Kg7 46. h3 h5 47. g3 Qd5 48. Kh2 Bg5 49. Rf1 Be3 50. Qg2 Qxg2+ 51. Rxg2 f4 52. gxf4 exf4 53. Rg5 Rc6 54. Rd5 Kh6 55. h4 Kg7 56. Kg2 Kh6 57. Kf3 Kg7 58. Rh1 Kf6 59. Rh2 Ke6 60. Rg5 Kf7 61. Rhg2 Kg7 62. Rd5 Kf6 63. Rgg5 Re6 64. Rxc5 Bd2 65. Rxa5 Re3+ 66. Kg2 f3+ 67. Kf2 Be1+ 68. Kf1 Bxh4 69. Rge5 Rxe5 70. Rxe5 Kxe5 71. a5 Kd6 72. Kg1 Bg3 73. a6 Kc7 74. c3 dxc3 75. d4 c2 76. a7 c1=R# 0-1

[Event "4NCL Online Division 5"]
[Site "online"]
[Date "2021.02.09"]
[EventDate "2021.02.09"]
[Round "2.84"]
[White "Reilly, Gerard"]
[WhiteElo "1792"]
[WhiteTeam "Hackney Hackers"]
[Black "Hardman, Daniel"]
[BlackElo "1536"]
[BlackTeam "Ashfield Anonymous D"]
[Result "1-0"]
[PlyCount "113"]

1. d4 Nf6 2. c4 c5 3. d5 e6 4. Nc3 exd5 5. cxd5 d6 6. e4 g6 7. Bf4 Bg7 8. Nf3 O-O 9. Bd3 Re8 10. O-O b5 11. Bxb5 Bd7 12. Bxd7 Nbxd7 13. Re1 Qb6 14. Rb1 Nh5 15. Be3 Ne5 16. Nd2 Qa6 17. Qa4 Qxa4 18. Nxa4 Rab8 19. b3 Nd3 20. Red1 Nb4 21. Nc4 Rbd8 22. a3 Nc2 23. Bg5 f6 24. Bc1 Rxe4 25. f3 Rd4 26. Rxd4 Nxd4 27. Kf2 f5 28. Bg5 Rd7 29. b4 cxb4 30. Rxb4 Kf7 31. Nab2 Nc2 32. Rb3 Bd4+ 33. Ke2 Bg7 34. Kd2 Nd4 35. Rb4 f4 36. Nd3 Bf6 37. Bxf6 Kxf6 38. Na5 Nf5 39. Nc6 g5 40. Ra4 Ne3 41. Nxa7 Nxd5 42. Ra6 Ne3 43. Nc5 Rc7 44. Ne4+ Ke5 45. Ra5+ d5 46. Kd3 Nf6 47. Nxg5 Nxg2 48. a4 Ne3 49. Nb5 Rg7 50. Nh3 Rg2 51. Ra7 Rxh2 52. Re7+ Kf5 53. Nd4+ Kg6 54. Nxf4+ Kg5 55. Kxe3 Ra2 56. Rg7+ Kh6 57. Nf5# 1-0

[Event "4NCL Online Division 5"]
[Site "online"]
[Date "2021.02.09"]
[EventDate "2021.02.09"]
[Round "2.91"]
[White "Brown, Tom"]
[WhiteElo "2068"]
[WhiteTeam "Braunstone 1"]
[Black "Cooney, Brendan"]
[BlackElo "1864"]
[BlackTeam "St Benildus C"]
[Result "1-0"]
[PlyCount "67"]

1. Nf3 d5 2. c4 e6 3. d4 dxc4 4. e4 c5 5. Bxc4 cxd4 6. Qxd4 Qxd4 7. Nxd4 a6 8. O-O b5 9. Bb3 Bb7 10. Nd2 Nc6 11. Nxc6 Bxc6 12. a4 Nf6 13. Re1 Bc5 14. h3 O-O 15. e5 Nd5 16. Ne4 Bd4 17. Nd6 b4 18. Nc4 f6 19. Re2 Rae8 20. Bd2 fxe5 21. Nxe5 Bb7 22. Nc4 Rf6 23. Nd6 Re7 24. Bg5 Rg6 25. Bxe7 Nf4 26. Nxb7 Nxe2+ 27. Kf1 Nf4 28. g3 Nxh3 29. Re1 Kf7 30. Bxe6+ Rxe6 31. Nd8+ Kxe7 32. Nxe6 Bxf2 33. Re2 Kf6 34. Kg2 1-0

[Event "4NCL Online Division 5"]
[Site "online"]
[Date "2021.02.09"]
[EventDate "2021.02.09"]
[Round "2.92"]
[White "Kenny, William"]
[WhiteElo "1726"]
[WhiteTeam "St Benildus C"]
[Black "Bray, David"]
[BlackElo "2036"]
[BlackTeam "Braunstone 1"]
[Result "1-0"]
[PlyCount "47"]

1. d4 d5 2. c4 e6 3. Nc3 Nf6 4. Nf3 Be7 5. Bf4 O-O 6. e3 c5 7. dxc5 Bxc5 8. Qc2 Bd6 9. Bxd6 Qxd6 10. O-O-O Qb4 11. a3 Qa5 12. g4 Nxg4 13. cxd5 Nf6 14. Bd3 h6 15. e4 Na6 16. Rhg1 exd5 17. e5 Ne4 18. Bxe4 dxe4 19. Qxe4 Nc5 20. Qe3 Qb6 21. Nd4 Kh8 22. Nd5 Qd8 23. Rxg7 Kxg7 24. Rg1+ 1-0

[Event "4NCL Online Division 5"]
[Site "online"]
[Date "2021.02.09"]
[EventDate "2021.02.09"]
[Round "2.93"]
[White "Tang, Julian"]
[WhiteElo "1834"]
[WhiteTeam "Braunstone 1"]
[Black "Willow, David"]
[BlackElo "1684"]
[BlackTeam "St Benildus C"]
[Result "1-0"]
[PlyCount "151"]

1. e4 e6 2. f4 d5 3. exd5 exd5 4. d4 Nf6 5. Nf3 Be7 6. Bd3 O-O 7. O-O h6 8. c3 Be6 9. Nbd2 c5 10. Ne5 Nc6 11. Ndf3 cxd4 12. cxd4 Nxe5 13. Nxe5 Bd6 14. Bd2 Bxe5 15. fxe5 Ne4 16. Bxe4 dxe4 17. Bc3 Qb6 18. Kh1 Rad8 19. Rf4 Bd5 20. Qd2 Qg6 21. Qe3 f5 22. a3 Qh5 23. Raf1 Be6 24. R4f2 g5 25. Bb4 Rf7 26. Rc2 f4 27. Qxe4 Bf5 28. Qe2 Qxe2 29. Rxe2 Bd3 30. e6 Rf5 31. e7 Re8 32. Rfe1 Bxe2 33. Rxe2 Rd5 34. Re4 Kf7 35. Kg1 b6 36. a4 a5 37. Ba3 Rd7 38. Kf2 Rdxe7 39. Bxe7 Rxe7 40. Kf3 Rd7 41. g3 fxg3 42. hxg3 Rd6 43. g4 Rf6+ 44. Ke2 Rc6 45. Kd3 Rf6 46. d5 Rd6 47. Kd4 Kf6 48. b3 Rd7 49. Re5 Rd6 50. Rf5+ Ke7 51. Ke5 Rg6 52. Rf3 Rd6 53. Rc3 Kd7 54. Rc2 Rg6 55. Rf2 Ke7 56. Rc2 Kd7 57. Rc4 Rd6 58. b4 axb4 59. Rxb4 Rg6 60. Rb5 Kc7 61. a5 bxa5 62. Rxa5 Kb6 63. Ra2 Kb7 64. d6 Kc6 65. Rd2 Kd7 66. Rd4 Re6+ 67. Kf5 Rxd6 68. Rxd6+ Kxd6 69. Kg6 Ke5 70. Kxh6 Kf4 71. Kh5 Ke5 72. Kxg5 Ke6 73. Kg6 Ke7 74. g5 Kf8 75. Kh7 Kf7 76. g6+ 1-0

[Event "4NCL Online Division 5"]
[Site "online"]
[Date "2021.02.09"]
[EventDate "2021.02.09"]
[Round "2.94"]
[White "Putar, Slavko"]
[WhiteElo "1676"]
[WhiteTeam "St Benildus C"]
[Black "Booley, Graham M"]
[BlackElo "1799"]
[BlackTeam "Braunstone 1"]
[Result "1-0"]
[PlyCount "63"]

1. e4 d5 2. exd5 Qxd5 3. Nf3 Bg4 4. Be2 Nf6 5. O-O c6 6. Nc3 Qd6 7. d4 Nbd7 8. h3 Bh5 9. Be3 e6 10. Qd2 h6 11. a3 g5 12. Nh2 O-O-O 13. Bxh5 Nxh5 14. b4 f5 15. f3 Bg7 16. Rad1 f4 17. Bf2 Ne5 18. Qe2 Ng3 19. Bxg3 fxg3 20. dxe5 gxh2+ 21. Kh1 Qxe5 22. Ne4 Rxd1 23. Rxd1 Rd8 24. Rxd8+ Kxd8 25. Qd3+ Kc7 26. g3 Qd5 27. Nc5 Qxd3 28. cxd3 Bb2 29. a4 Bc3 30. b5 cxb5 31. axb5 Kb6 32. Na4+ 1-0

[Event "4NCL Online Division 5"]
[Site "online"]
[Date "2021.02.09"]
[EventDate "2021.02.09"]
[Round "2.101"]
[White "Hossain Mohammed, Ashraf"]
[WhiteElo "1821"]
[WhiteTeam "Enfield 1"]
[Black "Karthikeyan, Pranav"]
[BlackElo "722"]
[BlackTeam "BCC Foxes"]
[Result "1-0"]
[PlyCount "70"]

1. e4 c5 2. Nf3 Nc6 3. Bc4 e6 4. d4 cxd4 5. Nxd4 g6 6. Nxc6 bxc6 7. Nc3 Bg7 8. O-O Nf6 9. Bg5 Qc7 10. Qf3 Ng8 11. Rad1 Ne7 12. Bxe7 Kxe7 13. Rfe1 Re8 14. Qh3 h6 15. Qf3 Kf8 16. Qe3 Kg8 17. e5 Bb7 18. Rd3 Rad8 19. Red1 Re7 20. Ne4 Qxe5 21. f4 Qa5 22. Nd6 Qc7 23. Qxa7 Rb8 24. Rb3 e5 25. Rxb7 Rxb7 26. Qxb7 Qxb7 27. Nxb7 d5 28. Ba6 exf4 29. c3 g5 30. Kf2 g4 31. Re1 g3+ 32. hxg3 fxg3+ 33. Kf1 Rc7 34. Re8+ Kh7 35. Bd3+ f5 1-0

[Event "4NCL Online Division 5"]
[Site "online"]
[Date "2021.02.09"]
[EventDate "2021.02.09"]
[Round "2.102"]
[White "Tran, Le Gia Khuong"]
[WhiteElo "726"]
[WhiteTeam "BCC Foxes"]
[Black "McNish, David"]
[BlackElo "1776"]
[BlackTeam "Enfield 1"]
[Result "0-1"]
[PlyCount "78"]

1. e4 c5 2. Nf3 d6 3. Bb5+ Bd7 4. Bxd7+ Nxd7 5. Nc3 Ngf6 6. d3 g6 7. Bg5 Bg7 8. Bf4 O-O 9. O-O a6 10. a3 b5 11. b4 Nh5 12. Qd2 Nxf4 13. Qxf4 Bxc3 14. Rab1 cxb4 15. axb4 Bg7 16. Qh4 e6 17. Qxd8 Rfxd8 18. g4 Rdc8 19. Rbc1 Bb2 20. Rb1 Rxc2 21. h3 Rac8 22. Nh2 Ne5 23. d4 Bxd4 24. Rbd1 Bc3 25. Rxd6 Rc6 26. Rxc6 Nxc6 27. Rb1 Nxb4 28. Nf3 a5 29. Rb3 a4 30. Ra3 Bb2 31. Ra2 Nxa2 32. Kg2 Nb4 33. e5 a3 34. g5 a2 35. Nd4 Bxd4 36. h4 Rxf2+ 37. Kg3 a1=Q 38. h5 Qg1+ 39. Kh3 Rh2# 0-1

[Event "4NCL Online Division 5"]
[Site "online"]
[Date "2021.02.09"]
[EventDate "2021.02.09"]
[Round "2.103"]
[White "O'Caolaidhe, Cormac"]
[WhiteElo "1564"]
[WhiteTeam "Enfield 1"]
[Black "Panunzio, Jacopo"]
[BlackElo "695"]
[BlackTeam "BCC Foxes"]
[Result "1-0"]
[PlyCount "43"]

1. d4 d5 2. Nc3 Nf6 3. Bg5 Nc6 4. Bxf6 exf6 5. Qd2 Bb4 6. a3 Bxc3 7. Qxc3 O-O 8. Nf3 Be6 9. h4 Bg4 10. O-O-O Qe8 11. Nh2 f5 12. Nxg4 fxg4 13. e3 Qe4 14. Qd3 Qe7 15. Be2 Qf6 16. f3 gxf3 17. Bxf3 Ne7 18. Rdf1 Ng6 19. Bxd5 Nxh4 20. Rxf6 gxf6 21. Rxh4 Rad8 22. Qxh7# 1-0

[Event "4NCL Online Division 5"]
[Site "online"]
[Date "2021.02.09"]
[EventDate "2021.02.09"]
[Round "2.104"]
[White "Wang, Mark"]
[WhiteElo "704"]
[WhiteTeam "BCC Foxes"]
[Black "Banks, Stephen"]
[BlackElo "1422"]
[BlackTeam "Enfield 1"]
[Result "0-1"]
[PlyCount "90"]

1. d4 d5 2. c4 c6 3. Nc3 e6 4. Bf4 Bd6 5. Bg3 Nf6 6. e3 Bxg3 7. hxg3 h6 8. Nf3 Nbd7 9. b3 b6 10. Qc1 Bb7 11. Be2 Rc8 12. O-O O-O 13. Qc2 Re8 14. Rad1 Qc7 15. Rc1 a6 16. a4 e5 17. dxe5 Nxe5 18. Nh2 Qd7 19. cxd5 cxd5 20. Qa2 d4 21. e4 dxc3 22. b4 Nxe4 23. b5 a5 24. Nf3 Nxf3+ 25. Bxf3 Nf6 26. Bxb7 Qxb7 27. Qb3 Qd5 28. Rxc3 Qxb3 29. Rxb3 Ne4 30. Re3 Nc5 31. Rxe8+ Rxe8 32. Ra1 Re4 33. f3 Rxa4 34. Rxa4 Nxa4 35. Kf2 Nc3 36. Ke3 Nxb5 37. Kd3 Nc7 38. Kc3 g6 39. Kc4 f6 40. Kb3 Kf7 41. Ka4 Ke6 42. Ka3 Kd5 43. Ka4 Kc4 44. Ka3 b5 45. f4 Nd5 0-1

[Event "4NCL Online Division 5"]
[Site "online"]
[Date "2021.02.09"]
[EventDate "2021.02.09"]
[Round "2.111"]
[White "Clynes, Chris"]
[WhiteElo "1398"]
[WhiteTeam "Bishop Knights"]
[Black "Draper, Martin"]
[BlackElo "1576"]
[BlackTeam "Warley And Quinborne"]
[Result "1-0"]
[PlyCount "25"]

1. d4 e6 2. Nf3 d5 3. e3 c5 4. b3 Nc6 5. Bd3 Nf6 6. O-O cxd4 7. Nxd4 Bd6 8. Nxc6 bxc6 9. Bb2 e5 10. f3 e4 11. fxe4 Ng4 12. Qf3 Nxh2 13. Qxf7# 1-0

[Event "4NCL Online Division 5"]
[Site "online"]
[Date "2021.02.09"]
[EventDate "2021.02.09"]
[Round "2.112"]
[White "Berry, Steve"]
[WhiteElo "1473"]
[WhiteTeam "Warley And Quinborne"]
[Black "Coates, Ryan"]
[BlackElo "1259"]
[BlackTeam "Bishop Knights"]
[Result "1-0"]
[PlyCount "145"]

1. e4 c6 2. Nf3 d5 3. exd5 cxd5 4. d4 Nc6 5. Nc3 Nf6 6. Be2 e6 7. a3 a6 8. Bg5 Be7 9. Bd3 h6 10. Bf4 O-O 11. Qd2 g5 12. Bxg5 Ne4 13. Nxe4 hxg5 14. Nexg5 Bxg5 15. Nxg5 f6 16. Nf3 Kf7 17. Nh4 Rg8 18. Qh6 Ne7 19. Qh5+ Kf8 20. Ng6+ Ke8 21. Ne5+ Ng6 22. Nxg6 Kd7 23. Qh7+ Kd6 24. Qh4 Bd7 25. Qg3+ Kc6 26. Qf3 Kb6 27. Qf4 Be8 28. Qh6 f5 29. Ne5 Qe7 30. Qd2 Ka7 31. O-O-O Rc8 32. Kb1 Rc7 33. Qe2 Ba4 34. Rc1 Rgc8 35. c4 dxc4 36. Bxc4 Qd6 37. Qd2 b5 38. Be2 Qd5 39. Rxc7+ Rxc7 40. Rc1 Qe4+ 41. Qd3 Rxc1+ 42. Kxc1 Qxg2 43. Qg3 Qh1+ 44. Kd2 Qb1 45. Qc3 b4 46. Qc5+ Kb7 47. Bf3+ Kb8 48. Qxb4+ Bb5 49. a4 Qf1 50. Nd3 Qxd3+ 51. Kc1 Qxf3 52. axb5 Qf4+ 53. Kb1 Qe4+ 54. Ka2 Qd5+ 55. b3 axb5 56. h4 Qc6 57. Qf8+ Kb7 58. Qf7+ Ka6 59. Kb2 Qd5 60. Qf6 Qe4 61. h5 Qe2+ 62. Ka3 b4+ 63. Kxb4 Qb5+ 64. Kc3 Qc6+ 65. Kb2 Qe4 66. h6 Qe2+ 67. Ka3 Qe1 68. h7 Qa1+ 69. Kb4 Qa5+ 70. Kc4 Qb5+ 71. Kc3 Qc6+ 72. Kb2 Qe4 73. Qe5 1-0

[Event "4NCL Online Division 5"]
[Site "online"]
[Date "2021.02.09"]
[EventDate "2021.02.09"]
[Round "2.113"]
[White "Burnett, John"]
[WhiteElo "1191"]
[WhiteTeam "Bishop Knights"]
[Black "Lewis, John B"]
[BlackElo "1433"]
[BlackTeam "Warley And Quinborne"]
[Result "0-1"]
[PlyCount "46"]

1. c4 Nf6 2. Nc3 g6 3. g3 Bg7 4. Bg2 c6 5. d4 d5 6. c5 O-O 7. Be3 Re8 8. Nf3 Bg4 9. Ne5 Nbd7 10. Bf4 Be6 11. Qb3 Qc8 12. O-O-O Nh5 13. Be3 Nxe5 14. dxe5 d4 15. Bxd4 Bxb3 16. axb3 Qe6 17. Kc2 Rad8 18. f4 f6 19. exf6 Bxf6 20. Bxf6 Nxf6 21. Bf3 Rd7 22. Rxd7 Nxd7 23. e4 Nxc5 0-1

[Event "4NCL Online Division 5"]
[Site "online"]
[Date "2021.02.09"]
[EventDate "2021.02.09"]
[Round "2.114"]
[White "Woodward, Pauline"]
[WhiteElo "1239"]
[WhiteTeam "Warley And Quinborne"]
[Black "Clynes, Jamie"]
[BlackElo "874"]
[BlackTeam "Bishop Knights"]
[Result "1-0"]
[PlyCount "67"]

1. e4 c5 2. c3 d6 3. d4 cxd4 4. cxd4 Nf6 5. Bd3 Nc6 6. Nf3 Bg4 7. Qa4 d5 8. Ng5 e6 9. O-O Be7 10. Nc3 O-O 11. e5 Nd7 12. Bxh7+ Kh8 13. Bd3 Bxg5 14. h3 Bf5 15. Bxf5 exf5 16. Nxd5 Ndxe5 17. dxe5 Qxd5 18. Bxg5 Nxe5 19. Rae1 Rad8 20. Rd1 Qxd1 21. Rxd1 Rde8 22. Qxa7 f6 23. Bf4 Ng6 24. Bh2 Re7 25. g3 Ne5 26. Kg2 g5 27. Qb6 f4 28. Rd8 f3+ 29. Kf1 Ree8 30. Rxe8 Rxe8 31. Qxf6+ Kg8 32. Qxg5+ Kf8 33. g4 Rc8 34. Qf5+ 1-0

[Event "4NCL Online Division 5"]
[Site "online"]
[Date "2021.02.09"]
[EventDate "2021.02.09"]
[Round "2.121"]
[White "Oswald, Graeme"]
[WhiteElo "2199"]
[WhiteTeam "Chessable White Rose 3"]
[Black "Reynolds, D Ian W"]
[BlackElo "2011"]
[BlackTeam "Redbridge All Sorts 1"]
[Result "1-0"]
[PlyCount "41"]

1. g3 d5 2. Bg2 e5 3. Nf3 Nc6 4. d3 Be7 5. O-O Nf6 6. c4 O-O 7. cxd5 Nxd5 8. Nc3 Be6 9. a3 a5 10. Bd2 Qd7 11. Rc1 h6 12. Ne4 b6 13. Qc2 Nd4 14. Nxd4 exd4 15. Qc6 Qxc6 16. Rxc6 Rac8 17. Rfc1 Bd7 18. R6c4 f5 19. Rxd4 fxe4 20. Rxd5 Bd6 21. dxe4 1-0

[Event "4NCL Online Division 5"]
[Site "online"]
[Date "2021.02.09"]
[EventDate "2021.02.09"]
[Round "2.122"]
[White "McCall, Martin"]
[WhiteElo "2000"]
[WhiteTeam "Redbridge All Sorts 1"]
[Black "Clarke, Connor"]
[BlackElo "1953"]
[BlackTeam "Chessable White Rose 3"]
[Result "1-0"]
[PlyCount "113"]

1. c4 b6 2. Nf3 Bb7 3. g3 Bxf3 4. exf3 c5 5. d4 Nc6 6. d5 Nd4 7. Be3 e5 8. Bg2 Bd6 9. Nc3 Nf6 10. O-O O-O 11. Ne4 Nxe4 12. fxe4 g6 13. f4 f5 14. Bxd4 cxd4 15. fxe5 Bxe5 16. exf5 Rxf5 17. Rxf5 gxf5 18. Qf3 Qf6 19. Rf1 Rf8 20. Bh3 Qh6 21. Bxf5 Qe3+ 22. Qxe3 dxe3 23. Bxh7+ Kg7 24. Rxf8 Kxf8 25. b3 Ke7 26. Bd3 Kd6 27. Bf5 a6 28. g4 Bxh2+ 29. Kf1 b5 30. g5 Bf4 31. g6 Bh6 32. Ke2 bxc4 33. bxc4 Kc5 34. Bxd7 Kxc4 35. Bc8 Kxd5 36. Bxa6 Ke5 37. a4 Kf6 38. Bd3 Ke5 39. a5 Kd6 40. a6 Kc7 41. Kf3 Kc6 42. Ke4 Kb6 43. Kf5 Bg7 44. Ke6 Ka7 45. Kf7 Bd4 46. g7 Bxg7 47. Kxg7 Kb6 48. Kf6 Kc6 49. Ke5 Kc7 50. Ke4 Kc6 51. Kxe3 Kc7 52. Kd4 Kc6 53. Ke5 Kc7 54. Kd5 Kb6 55. Kd6 Ka7 56. Kc7 Ka8 57. Kb6 1-0

[Event "4NCL Online Division 5"]
[Site "online"]
[Date "2021.02.09"]
[EventDate "2021.02.09"]
[Round "2.123"]
[White "Wills, Tom"]
[WhiteElo "1989"]
[WhiteTeam "Chessable White Rose 3"]
[Black "Hunnable, Ian D"]
[BlackElo "1939"]
[BlackTeam "Redbridge All Sorts 1"]
[Result "1-0"]
[PlyCount "95"]

1. e4 e6 2. d4 d5 3. Nc3 Nf6 4. e5 Nfd7 5. Nce2 c5 6. c3 Nc6 7. Nf3 Qb6 8. a3 cxd4 9. cxd4 f6 10. Nf4 fxe5 11. dxe5 Ndxe5 12. Nxe5 Nxe5 13. Qh5+ Nf7 14. Bd3 Qd6 15. O-O Qe5 16. Bb5+ Ke7 17. Qd1 d4 18. Bc4 Nd8 19. Re1 Qc5 20. Qb3 e5 21. Nd5+ Kd6 22. Bd2 a5 23. Bb4 axb4 24. axb4 Qc6 25. Rxa8 b5 26. Rxc8 Qxc8 27. Bxb5 Qb7 28. Bc4 Be7 29. b5 Bf6 30. Ra1 Re8 31. Qa3+ Kd7 32. Qc5 Ne6 33. Nxf6+ gxf6 34. Bxe6+ Kxe6 35. Ra7 Qc8 36. Rc7 Qa8 37. Qc4+ Kf5 38. Qd3+ Qe4 39. g4+ Kf4 40. Qg3+ Kg5 41. h4+ Kg6 42. b6 Ra8 43. Rc1 Rb8 44. g5 Rxb6 45. gxf6+ Kxf6 46. Qg5+ Kf7 47. Rc7+ Ke6 48. Qg8+ 1-0

[Event "4NCL Online Division 5"]
[Site "online"]
[Date "2021.02.09"]
[EventDate "2021.02.09"]
[Round "2.124"]
[White "Barton, Tom A"]
[WhiteElo "1909"]
[WhiteTeam "Redbridge All Sorts 1"]
[Black "Posadas, Rayelynn"]
[BlackElo "1924"]
[BlackTeam "Chessable White Rose 3"]
[Result "1/2-1/2"]
[PlyCount "122"]

1. e4 c5 2. Nf3 e6 3. d4 cxd4 4. Nxd4 a6 5. g3 Nc6 6. Bg2 g6 7. O-O Bg7 8. c3 Nge7 9. Bg5 h6 10. Nxc6 bxc6 11. Be3 O-O 12. Bc5 d5 13. Na3 Qc7 14. Qe2 Bb7 15. Nc2 Rfe8 16. f4 a5 17. Rf2 dxe4 18. Qxe4 Nf5 19. Nd4 Rac8 20. Rd1 Nxd4 21. Bxd4 Bxd4 22. cxd4 Ba6 23. Rc2 Bb5 24. b3 a4 25. b4 Qb6 26. a3 Rc7 27. Rc5 Rec8 28. Rdc1 Rd7 29. Qe3 Rd6 30. h4 Qd8 31. Rd1 Qd7 32. Rc2 Rd8 33. Rcd2 Bc4 34. Rc1 Bd5 35. Bxd5 Rxd5 36. Rcd1 f6 37. Kh2 h5 38. Qd3 Kg7 39. Qa6 e5 40. fxe5 fxe5 41. Qxa4 exd4 42. Qb3 Qd6 43. Rd3 Re5 44. Qb2 Rd5 45. a4 c5 46. bxc5 Qxc5 47. a5 Qxa5 48. Rxd4 Rxd4 49. Rxd4 Rxd4 50. Qxd4+ Kf7 51. Qd7+ Kf6 52. Qd6+ Kf7 53. Qd7+ Kf6 54. Qd6+ Kf5 55. Qf4+ Ke6 56. Qe4+ Kf6 57. Qf4+ Qf5 58. Qd6+ Qe6 59. Qf4+ Qf5 60. Qd6+ Qe6 61. Qf4+ Qf5 1/2-1/2

[Event "4NCL Online Division 5"]
[Site "online"]
[Date "2021.02.09"]
[EventDate "2021.02.09"]
[Round "2.131"]
[White "Sarpotdar, Amogh"]
[WhiteElo "1976"]
[WhiteTeam "Stroud Middles"]
[Black "Bentley, Alex"]
[BlackElo "1750"]
[BlackTeam "Ashfield Anonymous C"]
[Result "1-0"]
[PlyCount "35"]

1. e4 c5 2. Nf3 e6 3. d4 cxd4 4. Nxd4 a6 5. Nc3 Qc7 6. Be2 Bb4 7. O-O Bxc3 8. bxc3 Qxc3 9. Rb1 Qc7 10. Bf3 Nc6 11. Ba3 Nge7 12. Nxc6 bxc6 13. Qd4 f6 14. Bh5+ Ng6 15. f4 Kd8 16. Bc5 Rb8 17. Bd6 Rxb1 18. Bxc7+ 1-0

[Event "4NCL Online Division 5"]
[Site "online"]
[Date "2021.02.09"]
[EventDate "2021.02.09"]
[Round "2.132"]
[White "Morgan, Philip D"]
[WhiteElo "1821"]
[WhiteTeam "Ashfield Anonymous C"]
[Black "Killey, Ainsley"]
[BlackElo "1606"]
[BlackTeam "Stroud Middles"]
[Result "0-1"]
[PlyCount "112"]

1. e4 c5 2. Nf3 e6 3. c3 d5 4. e5 Nc6 5. d4 Qb6 6. a3 cxd4 7. cxd4 Nge7 8. Bd3 Nf5 9. Bxf5 exf5 10. Nc3 Be6 11. O-O Be7 12. b4 O-O 13. Na4 Qd8 14. Bd2 Rc8 15. Rb1 b6 16. b5 Nb8 17. Qb3 h6 18. Rfc1 Qd7 19. Nc3 Rc4 20. h3 Rfc8 21. Ne2 Rxc1+ 22. Bxc1 Qc7 23. a4 Qc4 24. Qxc4 Rxc4 25. Ra1 Bb4 26. Ba3 Bxa3 27. Rxa3 a5 28. Kf1 g5 29. Ke1 Nd7 30. Kd2 f6 31. exf6 Nxf6 32. Ne5 Ne4+ 33. Ke1 Rb4 34. Ra1 Kg7 35. f3 Nd6 36. Kd2 f4 37. Kc3 Nf5 38. Nc6 Rc4+ 39. Kb3 Ne3 40. Ne5 Rc2 41. Ra2 Rxa2 42. Kxa2 Nxg2 43. Kb2 Bxh3 44. Nc3 Be6 45. Kc2 h5 46. Ne2 h4 47. Ng4 Bxg4 48. fxg4 Ne3+ 49. Kd2 Nxg4 50. Ng1 Kg6 51. Ke2 Kf5 52. Nf3 h3 53. Kf1 Ne3+ 54. Kg1 g4 55. Ne5 g3 56. Nd7 Nc4 0-1

[Event "4NCL Online Division 5"]
[Site "online"]
[Date "2021.02.09"]
[EventDate "2021.02.09"]
[Round "2.133"]
[White "Davis, Cameron"]
[WhiteElo "1589"]
[WhiteTeam "Stroud Middles"]
[Black "Pettinger, Martin"]
[BlackElo "1730"]
[BlackTeam "Ashfield Anonymous C"]
[Result "1/2-1/2"]
[PlyCount "131"]

1. c4 Nf6 2. Nc3 g6 3. g3 Bg7 4. Bg2 O-O 5. Nf3 d6 6. d4 Nc6 7. O-O e5 8. d5 Ne7 9. e4 Nh5 10. b4 a5 11. b5 b6 12. a4 h6 13. Bd2 Qe8 14. Qe2 f5 15. exf5 gxf5 16. Nh4 Nf6 17. Qd3 Nd7 18. Rfe1 Nc5 19. Qc2 Ng6 20. Nxg6 Qxg6 21. Be3 Bd7 22. Bxc5 bxc5 23. Rab1 Qf7 24. b6 cxb6 25. Rxb6 Rab8 26. Reb1 Rxb6 27. Rxb6 Qf6 28. Qd2 e4 29. Ne2 Qa1+ 30. Bf1 Qxa4 31. Rxd6 Rb8 32. Nf4 Rb2 33. Qe1 Bd4 34. Ne2 e3 35. fxe3 Bxe3+ 36. Kg2 f4 37. gxf4 Bxf4 38. Rg6+ Kh7 39. Rg7+ Kxg7 40. Qc3+ Kf7 41. Qxb2 Qxc4 42. Nxf4 Qxf4 43. Bb5 Qe4+ 44. Kf2 Qxd5 45. Bxd7 Qxd7 46. Qa2+ Kf6 47. Qxa5 Qd4+ 48. Ke2 Qe5+ 49. Kf3 Qd5+ 50. Ke2 Qe4+ 51. Kd2 Qf4+ 52. Kc3 Qb4+ 53. Qxb4 cxb4+ 54. Kxb4 Kf5 55. Kc4 Ke4 56. Kc3 Ke3 57. Kc2 h5 58. Kc3 h4 59. h3 Kf3 60. Kd3 Kg3 61. Ke2 Kxh3 62. Kf2 Kh2 63. Kf1 h3 64. Kf2 Kh1 65. Kg3 h2 66. Kf2 1/2-1/2

[Event "4NCL Online Division 5"]
[Site "online"]
[Date "2021.02.09"]
[EventDate "2021.02.09"]
[Round "2.134"]
[White "Graham, Neil"]
[WhiteElo "1776"]
[WhiteTeam "Ashfield Anonymous C"]
[Black "Sarpotdar, Angad"]
[BlackElo "1448"]
[BlackTeam "Stroud Middles"]
[Result "1/2-1/2"]
[PlyCount "47"]

1. d4 f5 2. e4 e6 3. exf5 exf5 4. Bd3 d6 5. Nf3 Nf6 6. O-O Be7 7. Re1 O-O 8. c3 Bd7 9. Bg5 Nc6 10. Qc2 g6 11. Nbd2 Be8 12. Bh6 Rf7 13. Ng5 Qd7 14. Nxf7 Bxf7 15. Nf3 Nd5 16. Bg5 Bf8 17. a3 Bg7 18. c4 Nb6 19. d5 Ne5 20. Nxe5 dxe5 21. Be3 Re8 22. Bxb6 axb6 23. f3 Qe7 24. Rad1 1/2-1/2

[Event "4NCL Online Division 5"]
[Site "online"]
[Date "2021.02.09"]
[EventDate "2021.02.09"]
[Round "2.141"]
[White "Duncanson, Henry G"]
[WhiteElo "2177"]
[WhiteTeam "Broadland Falco Duboisi"]
[Black "Brooks, Daniel"]
[BlackElo "1494"]
[BlackTeam "Uxbridge Destroyers"]
[Result "1-0"]
[PlyCount "43"]

1. d4 Nf6 2. Nf3 g6 3. g3 Bg7 4. Bg2 O-O 5. O-O d6 6. c4 Nbd7 7. Nc3 c6 8. Bf4 Re8 9. e4 Nh5 10. Be3 Qa5 11. a3 b5 12. b4 Qa6 13. cxb5 cxb5 14. Nd5 Qb7 15. Rc1 e6 16. Nc7 Kf8 17. e5 d5 18. g4 Bxe5 19. dxe5 Ng7 20. Bh6 Re7 21. Qc2 Rb8 22. Bg5 1-0

[Event "4NCL Online Division 5"]
[Site "online"]
[Date "2021.02.09"]
[EventDate "2021.02.09"]
[Round "2.142"]
[White "Smith, Richard"]
[WhiteElo "1462"]
[WhiteTeam "Uxbridge Destroyers"]
[Black "Payne, David J"]
[BlackElo "1787"]
[BlackTeam "Broadland Falco Duboisi"]
[Result "1/2-1/2"]
[PlyCount "80"]

1. d4 Nf6 2. c4 e5 3. dxe5 Ng4 4. Nf3 Nc6 5. Nbd2 Bb4 6. a3 Bxd2+ 7. Bxd2 Ncxe5 8. Nxe5 Nxe5 9. e3 O-O 10. Bc3 Re8 11. Be2 b6 12. Qc2 Bb7 13. O-O d6 14. Rad1 Qg5 15. g3 Nf3+ 16. Bxf3 Bxf3 17. Rd4 h5 18. h4 Qh6 19. Qf5 Bg4 20. Qg5 Qxg5 21. hxg5 f5 22. gxf6 gxf6 23. Rf4 f5 24. Re1 Re4 25. b3 Kf7 26. Kg2 h4 27. gxh4 Rg8 28. f3 Rxf4 29. exf4 Bh5+ 30. Kf2 c6 31. b4 Rd8 32. Rg1 Rg8 33. Rg5 Rxg5 34. fxg5 Ke6 35. Ke3 d5 36. c5 bxc5 37. bxc5 a6 38. a4 Bg6 39. a5 Bh5 40. Bd4 Bg6 1/2-1/2

[Event "4NCL Online Division 5"]
[Site "online"]
[Date "2021.02.09"]
[EventDate "2021.02.09"]
[Round "2.143"]
[White "Badger, Paul"]
[WhiteElo "1762"]
[WhiteTeam "Broadland Falco Duboisi"]
[Black "Hasan, Abu"]
[BlackElo "1376"]
[BlackTeam "Uxbridge Destroyers"]
[Result "1-0"]
[PlyCount "79"]

1. e4 e5 2. f4 Nc6 3. Nf3 d6 4. Be2 Bg4 5. O-O Qe7 6. Nc3 Nf6 7. d3 O-O-O 8. a3 h5 9. Nd5 Nxd5 10. exd5 Bxf3 11. dxc6 Bxc6 12. Bf3 d5 13. fxe5 Qh4 14. Be3 f6 15. Bf2 Qg5 16. e6 Bd6 17. Qe2 Qe5 18. Qxe5 fxe5 19. c4 Rhf8 20. cxd5 Rxf3 21. gxf3 Bxd5 22. Bh4 g5 23. Bxg5 Rg8 24. h4 Bxe6 25. Rae1 Bh3 26. Rf2 Bc5 27. Rxe5 Bxf2+ 28. Kxf2 Bd7 29. f4 b6 30. f5 Re8 31. Rxe8+ Bxe8 32. Ke3 Bf7 33. Kf4 Kb7 34. Ke5 Kc6 35. Kf6 Be8 36. Ke7 Bd7 37. f6 Bf5 38. f7 Bxd3 39. f8=Q Kb7 40. Qf3+ 1-0